000 00368nam a2200145Ia 4500
100 _aMuthusubramanian/R
650 _aElectrical Engineering
942 _cBK
654 _aBasic Electrical Electronics
245 _aBasic Electrical Electronics & Computer Engg.
260 _bTata McGraw Hill
_aNEW DELHI
_c1994
300 _a381
546 _aENGLISH
999 _c32898
_d32898